000 01203nam a2200265Ia 4500
999 _c53428
_d53428
001 20471
003 GE_BSU
005 20201212193044.0
008 181216s2020||||ge |||||||||||||| ||geo||
020 _a9992825375
040 _cGE_BSU
041 _ageo
080 _a811.353.1-8(075.3) რ-21
100 _a რამიშვილი, ვ.
_99924
245 _aქართული ენა :
_bმე-4 კლ. სახელმძღვ. /
_cვ. რამიშვილი, შ. თაბუკაშვილი, თ. ჩერქეზიშვილი ; რედ. ნ. ჭყოიძე ; მხატვ. ბ. ბერძენიშვილი.
264 _aთბილისი :
_bლამპარი,
_c2002.
300 _a208 გვ. ;
_c21 სმ.
541 _h4 ლ.
653 _aქართული ენა
700 _aთაბუკაშვილი, შ.
_eავტორი
_95999
700 _aჩერქეზიშვილი, თ.
_eავტორი
_99925
700 _aჭყონია, ნ.
_eრედაქტორი
_95238
700 _aბერძენიშვილი, ბ.
_eმხატვარი
_99926
942 _cBK
_2udc